000
00284nam a2200109Ia 4500
008
200302s9999 xx 000 0 und d
100
_a
Rangwala
245
_a
Engineering Materials (Material Science) 13th ed.
260
_b
Charotar Publishing House
260
_c
2003
300
_a
539 P.,
999
_c
1992
_d
1992